Biggest Island by Country - Statistics

General Stats
  • This quiz has been taken 266 times
    239 since last reset
  • The average score is 16 of 21
Answer Stats
Country Island % Correct
Italy Sicily
98%
Australia Tasmania
96%
United Kingdom Great Britain
93%
Japan Honshu
91%
Greece Crete
90%
New Zealand South Island
90%
Indonesia Sumatra
85%
France Corsica
84%
Philippines Luzon
83%
Tanzania Zanzibar
83%
Spain Mallorca
81%
Canada Baffin Island
79%
United States Hawai'i
78%
China Hainan
73%
Denmark Zealand
63%
Russia Sakhalin
59%
South Korea Jeju
57%
Sweden Gotland
55%
Yemen Socotra
55%
Croatia Krk
51%
Papua New Guinea New Britain
29%
No matching quizzes found
Score Distribution
Percent of People with Each Score
Percentile by Number Answered
Your Score History
You have not taken this quiz since the last reset